| 000 | 00800nam a2200205 a 4500 | ||
|---|---|---|---|
| 003 | 0 | ||
| 005 | 20250515150144.0 | ||
| 008 | 021128s19uu xx 00 eng d | ||
| 050 |
_aPGS RA 778 _b.V633 2001 |
||
| 100 | _aViceo, Katrina Mae R. | ||
| 245 |
_aThe use of face powder and deodorant among grade 6 students of Southville International School / _cKatrina Mae R. Viceo. |
||
| 260 |
_aLas PiƱas City, Philippines : _bSouthville International School and Colleges, _c2001. |
||
| 300 |
_a23 pages : _billustrations ; _c28 cm. |
||
| 504 | _aIncludes bibliographical references. | ||
| 650 | _aPersonal hygiene in adolescence. | ||
| 650 |
_aToilet preparations _vUse studies. |
||
| 650 |
_aDeodorants _vUse studies. |
||
| 650 |
_aGrade school students _vHealth and hygiene. |
||
| 942 |
_2lcc _cPASS |
||
| 999 |
_c96489 _d96489 |
||